Disney Animated Movies: The Golden Era - Statistics

General Stats
  • This quiz has been taken 71 times
  • The average score is 4 of 5
Answer Stats
Year Film % Correct
1937 Snow White and the Seven Dwarfs
97%
1942 Bambi
82%
1941 Dumbo
82%
1940 Pinocchio
82%
1940 Fantasia
74%
No matching quizzes found
Score Distribution
Percent of People with Each Score
Percentile by Number Answered
Your Score History
You have not taken this quiz